| 000 | 00428nam a2200169Ia 4500 | ||
|---|---|---|---|
| 008 | 230524s9999 xx 000 0 und d | ||
| 020 | _a9789380578507 | ||
| 082 |
_a4.6 _bMOH |
||
| 100 |
_aI.Chandra Mohan _942984 |
||
| 245 | 0 | _aFundamentals of Computer Networks | |
| 250 | _a1 | ||
| 260 |
_aNew Delhi _bI.K.International _c2012 |
||
| 300 | _a"XXI,249p;" | ||
| 500 | _aQuantity Number: 1 | ||
| 650 | _aComp-Sc | ||
| 942 | _cBK | ||
| 999 |
_c57934 _d57934 |
||